000
00305nam a2200121Ia 4500
008
220204s9999 xx 000 0 und d
082
_a
331.446
_b
DUN
100
_a
DUNLOP, John T
245
0
_a
Labour in the twentieth century
260
_a
New York
_b
Academic
_c
1978
700
_a
GALANSON, W
942
_c
BK
999
_c
34419
_d
34419